|
|
|
|
| LEADER |
01114nam a2200277 u 4500 |
| 001 |
10082802 |
| 003 |
upatras |
| 005 |
20210117202352.0 |
| 008 |
091223s2001 lu fre |
| 020 |
|
|
|a 9282315193
|
| 040 |
|
|
|a GR-PaULI
|c GR-PaULI
|
| 041 |
0 |
|
|a fre
|
| 082 |
0 |
4 |
|a 337.142
|
| 100 |
1 |
|
|a Patterson, Ben
|9 82344
|
| 110 |
|
0 |
|a European Parliament
|9 49325
|
| 245 |
1 |
0 |
|a L'euro comme "devise parallele" dans la periode 1999-2002
|b document de travail
|c Ben Patterson; Parlement Europeen
|
| 260 |
|
|
|a Luxemburg
|b Office of the Official Publications of the European Communities
|c 2001
|
| 300 |
|
|
|a 106 p.
|c 30 cm.
|
| 490 |
0 |
|
|a Serie affaires economiques : ECON
|v 114A FR
|
| 504 |
|
|
|a Περιέχει βιβλιογραφία
|
| 760 |
0 |
|
|a Serie affaires economiques
|g 114A FR
|
| 852 |
|
|
|a GR-PaULI
|b ΠΑΤΡΑ
|b ΒΚΠ
|b ΚΕΤ
|h 337.142 PAT
|m 100490
|p 025000158402
|t 1
|
| 942 |
|
|
|2 ddc
|
| 952 |
|
|
|0 0
|1 0
|4 0
|6 337_142000000000000_PAT
|7 0
|9 87748
|a LISP
|b LISP
|c EDC
|d 2016-04-24
|i 100490
|l 0
|o 337.142 PAT
|p 025000158402
|r 2016-04-24 00:00:00
|t 1
|w 2016-04-24
|y BK15
|
| 998 |
|
|
|c ΜΠΟΥΡΑΣ
|d 2009-10
|
| 999 |
|
|
|c 58578
|d 58578
|